00377nam a2200157Ia 450000500170000000800410001704000190005804100120007708200130008910000200010224500380012226000310016030000100019165000080020185000100020920240704114705.0131103s9999 xx 000 0 und d aLoreto College aEnglish a740bMUS aMaurois, Pierre aLe musee de lillecPierre Maurois aParisbArt et Stylec[19?] a pic. aArt aLCBED